Ensayos sobre artes visuales: prácticas y discursos de los años 70 y 80 en Chile
Saved in:
| Main Authors: | , , , |
|---|---|
| Format: | Bog |
| Sprog: | spansk |
| Udgivet: |
Santiago
Lom
2012
|
| Udgivelse: | 1a. ed |
| Serier: | Artes Visuales
|
| Fag: | |
| Tags: |
Tilføj Tag
Ingen Tags, Vær først til at tagge denne postø!
|
MARC
| LEADER | 00000cam a2200000 a 4500 | ||
|---|---|---|---|
| 001 | UCD0179 | ||
| 003 | CL-VaPUC | ||
| 008 | 151120e20120000cl |||||||||||||||||spa|d | ||
| 020 | |a 9789560006028o.c | ||
| 020 | |a 9789560003867v.2 | ||
| 082 | 0 | 4 | |a 709.83 |b BAE |2 21 |
| 100 | 0 | |a Baeza Bobadilla, Felipe |e author |9 583191 | |
| 700 | 0 | |a Parra Zeltzer, José Manuel |e author |9 583192 | |
| 700 | 0 | |a Cross Gantes, Amalia |e author |9 583193 | |
| 700 | 0 | |a Godoy Vega, Francisco |e author |9 583194 | |
| 245 | 1 | 0 | |a Ensayos sobre artes visuales: prácticas y discursos de los años 70 y 80 en Chile |
| 250 | |a 1a. ed | ||
| 300 | |a v | ||
| 942 | |c BK | ||
| 945 | |d 20151120 13:39:00 |a dcastane | ||
| 260 | |a Santiago |b Lom |c 2012 | ||
| 650 | 0 | |a Bellas artes |9 334299 | |
| 650 | 0 | |a Artes visuales |9 336870 | |
| 650 | 0 | |a Crítica e interpretación |9 255042 | |
| 650 | 7 | |a CRITICA E HISTORIA |2 CL-VaPUC |9 583195 | |
| 583 | |a last modification |c 20151120 13:39:00 |k Rodrigo Vera | ||
| 490 | 0 | |a Artes Visuales | |
| 999 | |c 361794 |d 361792 | ||
| 952 | |0 0 |1 0 |3 erb |4 0 |6 709_830000000000000_BAE_2012 |7 0 |8 A |9 472470 |a BIBART |b BIBART |h v.2 |i 5250870 |l 6 |o 709.83 BAE 2012 |p 5250870 |r 2025-03-13 |s 2024-11-20 |w 2019-11-24 |y BK |z Catalogado en:20151120 |k ART | ||